• 首页
  • 本馆介绍
  • 公告通知
  • 最新文献
  • 馆藏检索
  • 电子资源
  • 读者导购
  • 参考咨询
  • 我的图书馆
  • 登录
  • 详细信息显示
  • 放入我的书架
  • 预约/预借图书
  • 作者相关作品
  • 分类相关作品
  • 丛书相关作品
  • 出版社相关作品

书目信息

  • 表格格式
  • 工作单格式
  • 卡片格式
题名:
马克思恩格斯文集
    
 
作者: ;中共中央马克思恩格斯列宁斯大林著作编译局 编译
分册: 第七卷  
出版信息: 北京    2009年
页数: 1189页
开本: 26cm
丛书名:
单 册:
中图分类: A11
科图分类:
主题词: 马恩著作--选集 , 马恩著作--文集
电子资源:
ISBN: 978-7-01-008460-2
000 00761nam0 2200193 45
001 2533772037
005 20251217092348.95
010    @a978-7-01-008460-2@dCNY145.00
100    @a20210518d km y0chiy0120 ea
101 0  @achi
200 1  @a马克思恩格斯文集@AMa Ke Si En Ge Si Wen Ji@h第七卷@f中共中央马克思恩格斯列宁斯大林著作编译局编译@FZhong Gong Zhong Yang Ma Ke Si En Ge Si Lie Ning Si Da Lin Zhu Zuo Bian Yi Ju Bian Yi
210    @a北京@d2009年
215    @a1189页@d26cm
606 0  @a马恩著作@x选集
606 0  @a马恩著作@x文集
690    @aA11@v4
711 02 @a中共中央马克思恩格斯列宁斯大林著作编译局@AZhong Gong Zhong Yang Ma Ke Si En Ge Si Lie Ning Si Da Lin Zhu Zuo Bian Yi Ju@4编译
801  0 @aCN@bPFT@c20210518
905    @a10447@b6200643@dA11@e15:7@f1
    
    马克思恩格斯文集.第七卷/中共中央马克思恩格斯列宁斯大林著作编译局编译.-北京,2009年
    1189页;26cm
    
    
    ISBN 978-7-01-008460-2:CNY145.00
    
●
相关链接 在E读中查询图书 在五车中查询图书 在当当中查询图书 在豆瓣中查询图书


正题名:马克思恩格斯文集     索取号:A11/15:7         预约/预借

序号 登录号 条形码 馆藏地/架位号 状态 备注
1 1442132   214421320   第一借阅区/ [索取号:A11/15:7] 在馆    
唐山师范学院图书馆 欢迎您!
大连网信软件有限公司© 版权所有